000 01260nam a2200265 i 4500
003 IT-RoINE
005 20200714103416.0
008 110718m19711976gw |r |||1|||muld
040 _aCUL
_dCUL
_dUPSA
_dIT-RoINE
_cesslup IT-RoINE
041 0 _aeng
_afre
_ager
_aita
_apor
_aspa
110 2 _aIglesia Católica.
_bCongregatio pro Doctrina Fidei
_95447
245 1 0 _aSacrae Congregationis de Propaganda Fide memoria rerum :
_b350 anni a servizio delle missioni = 350 Jahre im dienste der Weltmission = 350 years in the service of the missions = 350 años al servicio de las misiones = 350 ans au service des missions : 1622-1972 /
_ccura et studio J. Metzler edita.
260 _aRom ;
_aFreiburg ;
_aWien :
_bHerder,
_c1971-1976.
300 _a3 t. en 5 v. ;
_c24 cm.
336 _2rdacontent
_atext
337 _2rdamedia
_aunmediated
338 _2rdacarrier
_avolume
500 _aIncluye índices y apéndices.
504 _aBibliografía general: p. XVII-XXII (v. 1.).
505 0 _aV. 1.1./1.2. 1622-1700 -- V. 2. 1700-1815 -- V 3.1./3.2. 1815-1972.
546 _aTextos en alemán, español, francés, inglés, italiano y portugués.
650 4 _924910
_aMisiones
_xHistoria
700 1 _aMetzler, Josef,
_936475
_cO.M.I.,
_d1921-2012
942 _cMTS
999 _c26002
_d26002